| 000 | 01845 a2200229 4500 | ||
|---|---|---|---|
| 001 | 14654 | ||
| 005 | 20260407155448.0 | ||
| 008 | 260407a2010 arg spa d | ||
| 003 | AR-UNSa-BCEJYS | ||
| 040 |
_aAR-UNSa-BCEJYS _bspa _cAR-UNSa-BCEJYS |
||
| 080 |
_a330.43 _xEconometrÃa |
||
| 245 | 1 | 0 | _aEconometric analysis of cross section and panel data |
| 020 | _a978-0-262-23258-6 | ||
| 250 | _a2a. ed. | ||
| 264 | 1 |
_aCambridge : _bThe MIT Press _c2010 |
|
| 300 |
_axxvii, 1064 p. _c23 cm. |
||
| 505 | _a1. Introduction - 2. Conditional expectations and related concepts in econometrics - 3. Basic asymptotic theory - 4. Single-equation linear model and ordinary least squares estimation - 5. Instrumental variables estimation of single-equation linear models - 6. Additional single-equation topics - 7. Estimating systems of equations by ordinary least squares and generalized least squares - 8. System estimation by instrumental variables - 9. Simultaneous equations models - 10. Basic linear unobserved effects panel data models - 11. More topics in linear unobserved effects models - 12. M-estimation, nonlinear regression, and quantile regression - 13. Maximum likelihood methods - 14. Generalized method of moments and minimum distance estimation - 15. Binary response models - 16. Multinomial and ordered response models - 17. Corner solution responses - 18. Count, fractional, and other nonnegative responses - 19. Censored data, sample selection, and attrition - 20. Stratified sampling and cluster sampling - 21. Estimating average treatment effects - 22. Duration analysis | ||
| 942 | _cBK | ||
| 590 | _aniveau_biblio:m niveau_hierar:0 | ||
| 100 | 1 | _aWooldridge, Jeffrey M. | |
| 856 | 4 | 1 |
_uhttps://biblioeco.unsa.edu.ar/pmb/images/libros/Economietric Analysis of cross section and panel data-l118956.jpg _yImagen de portada _qimage/jpeg |
| 999 |
_c595 _d595 |
||